• 首页
  • 本馆介绍
  • 公告通知
  • 最新文献
  • 馆藏检索
  • 电子资源
  • 读者导购
  • 参考咨询
  • 我的图书馆
  • 登录
  • 详细信息显示
  • 放入我的书架
  • 预约/预借图书
  • 作者相关作品
  • 分类相关作品
  • 丛书相关作品
  • 出版社相关作品

书目信息

  • 表格格式
  • 工作单格式
  • 卡片格式
题名:
可持续发展与我国产业结构更新
    
 
作者: 苏均和 著 ;刘飞 著
分册:  
出版信息: 上海   上海财经大学出版社  2011
页数: 153页
开本: 23cm
丛书名: 现代经济管理学科的前沿方法和技术创新:中国经济核算的理论、方法与实证研究丛书
单 册:
中图分类: F121.3
科图分类:
主题词: 产业结构--可持续性发展--研究--中国 , 产业结构 , 可持续性发展
电子资源:
ISBN: 978-7-5642-0911-7
000 01398nam0 2200337 450
001 523
005 20140908151640.48
010    @a978-7-5642-0911-7@dCNY25.00
100    @a20110424d2011 em y0chiy50 ea
101 0  @achi
102    @aCN@b310000
105    @ay z 000yy
106    @ar
200 1  @a可持续发展与我国产业结构更新@AKe Chi Xu Fa Zhan Yu Wo Guo Chan Ye Jie Gou Geng Xin@f苏均和,刘飞著@FSu Jun He, Liu Fei Zhu
210    @a上海@c上海财经大学出版社@d2011
215    @a153页@d23cm
225 2  @a现代经济管理学科的前沿方法和技术创新:中国经济核算的理论、方法与实证研究丛书
300    @a上海财经大学“十一五”“211工程”重点学科平台建设项目课题研究成果
308    @a丛书主编:王德发
312    @a封面英文题名:Sustainable development and industrial structure update
330    @a本书内容包括:国内外关于国际产业转移的研究状况;我国承接产业转移的效应分析;承接产业转移、R&D投入与经济增长;我国R&D效率的面板数据分析等。
461  0 @12001 @a现代经济管理学科的前沿方法和技术创新:中国经济核算的理论、方法与实证研究丛书
510 1  @aSustainable development and industrial structure update@zeng
606 0  @a产业结构@x可持续性发展@x研究@y中国
606 0  @a产业结构
606 0  @a可持续性发展
690    @aF121.3@v5
701  0 @a苏均和@ASu Jun He@4著
702  0 @a刘飞@ALiu Fei@f(1978~)@4著
801  0 @aCN@bTANGWEI@c20140603
905    @b0840674-76@dF121.3@e242@f3
    
    可持续发展与我国产业结构更新/苏均和,刘飞著.-上海:上海财经大学出版社,2011
    153页;23cm.-(现代经济管理学科的前沿方法和技术创新:中国经济核算的理论、方法与实证研究丛书)
    上海财经大学“十一五”“211工程”重点学科平台建设项目课题研究成果
    
    ISBN 978-7-5642-0911-7:CNY25.00
    本书内容包括:国内外关于国际产业转移的研究状况;我国承接产业转移的效应分析;承接产业转移、R&D投入与经济增长;我国R&D效率的面板数据分析等。
●
相关链接 在E读中查询图书 在五车中查询图书 在当当中查询图书 在豆瓣中查询图书


正题名:可持续发展与我国产业结构更新     索取号:F121.3/242         预约/预借

序号 登录号 条形码 馆藏地/架位号 状态 备注
1 0840674   208406740   第一样本阅览室/ [索取号:F121.3/242] 在馆    
2 0840675   208406759   第一借阅区/ [索取号:F121.3/242] 在馆    
3 0840676   208406768   密集书库-海洋学院/ [索取号:F121.3/242] 在馆    
唐山师范学院图书馆 欢迎您!
大连网信软件有限公司© 版权所有